La Meurthe-et-Moselle en images. - Statistiques

Statistiques générales
  • Ce quiz a été pris 77 fois
  • Le résultat moyen est 11 sur 18
Statistiques - réponses
Par images Hint Réponse % Correct
Chef-lieu Nancy
97%
Place Place Stanislas
95%
Spécialité lorraine Madeleine
91%
Emblème Croix de Lorraine
89%
Cours d'eau Meurthe
83%
Ville accueillant le "Versailles lorrain" Lunéville
82%
Saint patron des Lorrains Saint Nicolas de Myre
80%
Emblème Chardon lorrain
74%
Sous-préfecture Toul
59%
Spécialité Bergamotes de Nancy
58%
Mouvement artisitique Ecole de Nancy
50%
Femme politique Nadine Morano
48%
Monument Porte de la Craffe
38%
Scientifique Henri Poincaré
35%
Style musical auquel est consacré un festival annuel Jazz
33%
Cité médiévale Liverdun
23%
Duc mort en assiégeant #1 Charles le Téméraire
20%
Maréchal de France Hubert Lyautey
17%
Aucun quiz correspondant
Distribution des résultats
% des personnes avec chaque résultat
Percentile par nombre de réponses
Votre historique - résultats
Vous n’avez pas pris ce quiz